000 01088nam a2200289 i 4500
001 bg
245 0 0 _aMałe miasta w obszarach metropolitalnych =
_b(Small towns in the metropolitan areas) /
_cpod red. Krystiana Heffnera i Tadeusza Marszała.
246 0 1 _aSmall towns in the metropolitan areas
260 _aWarszawa :
_bKomitet Przestrzennego Zagospodarowania Kraju PAN ;
_c2007.
300 _a253 s. :
_bmapy, wykr. ;
_c21 cm.
490 1 _aBiuletyn / Polska Akademia Nauk. Komitet Przestrzennego Zagospodarowania Kraju,
_x0079-3493 ;
_vz. 232
504 _aBibliogr. przy art.
546 _aStreszcz. ang.
650 9 _aMiasta
_zPolska
650 9 _aPolityka regionalna
_zPolska
700 1 _aHeffner, Krystian
_d(1951- ).
_eRed.
700 1 _aMarszał, Tadeusz.
_eRed.
020 _a9788389693419
022 _a00793493
040 _cBPK
041 0 _apol
_beng
044 _aPOL
080 _a711.4/.8:332.1
942 _cKS
008 s pl f |000 0 pol
999 _c54286
_d54286
856 _uhttp://koha.tu.koszalin.pl/cgi-bin/koha/opac-detail.pl?biblionumber=54286
_yKatalog online BPK